[Event "Moravia-ch5 corr9697"]
[Site "Czech Republic"]
[Date "1996.??.??"]
[Round "?"]
[White "Kloza, Jaroslav"]
[Black "Smrkta, Frantisek"]
[Result "1/2-1/2"]
[WhiteElo "2085"]
[BlackElo "2150"]
[PlyCount "66"]
[EventDate "1996.??.??"]
[EventType "tourn (corr)"]
[EventRounds "14"]
[EventCountry "CZE"]
[SourceTitle "Corr 2002"]
[Source "ChessBase"]
[SourceDate "2002.05.23"]
[SourceVersion "1"]
[SourceVersionDate "2002.05.23"]
[SourceQuality "1"]

1. e4 e5 2. Nf3 Nc6 3. Bb5 a6 4. Ba4 Nf6 5. 0-0 Be7 6. Re1 b5 7. Bb3 d6 8. c3 0-0 9. h3 Na5 10. Bc2 c5 11. d4 Qc7 12. Nbd2 cxd4 13. cxd4 Nc6 14. d5 Nb4 15. Bb1 a5 16. Nf1 Bd7 17. a3 Na6 18. Be3 Rfc8 19. Bd3 Qb7 20. Ng3 Nc5 21. Rc1 Nxd3 22. Qxd3 b4 23. Red1 Bd8 24. Bg5 h6 25. Be3 Bb6 26. Nh4 Bxe3 27. Qxe3 bxa3 28. bxa3 Rxc1 29. Rxc1 Qb2 30. f3 Ne8 31. Nhf5 Rb8 32. Qc3 Qxc3 33. Rxc3 a4 1/2-1/2

[Event "Moravia-ch5 corr9697"]
[Site "Czech Republic"]
[Date "1996.??.??"]
[Round "?"]
[White "Smrkta, Frantisek"]
[Black "Nedomansky, Leopold"]
[Result "1/2-1/2"]
[WhiteElo "2150"]
[BlackElo "2070"]
[PlyCount "56"]
[EventDate "1996.??.??"]
[EventType "tourn (corr)"]
[EventRounds "14"]
[EventCountry "CZE"]
[SourceTitle "Corr 2002"]
[Source "ChessBase"]
[SourceDate "2002.05.23"]
[SourceVersion "1"]
[SourceVersionDate "2002.05.23"]
[SourceQuality "1"]

1. e4 c5 2. Nf3 Nc6 3. d4 cxd4 4. Nxd4 g6 5. c4 Nf6 6. Nc3 d6 7. Be2 Nxd4 8. Qxd4 Bg7 9. 0-0 0-0 10. Qe3 Be6 11. Bd2 Qb6 12. Qd3 Nd7 13. b3 Ne5 14. Qg3 Nc6 15. Rac1 Nd4 16. Bd3 Rfc8 17. Nd5 Qd8 18. Bc3 Bd7 19. Qe3 Nc6 20. Be2 Bxc3 21. Qxc3 e5 22. f4 Nd4 23. Bd3 Be6 24. fxe5 dxe5 25. Qb4 Bxd5 26. cxd5 Rxc1 27. Rxc1 Rc8 28. Rxc8 Qxc8 1/2-1/2

[Event "Moravia-ch5 corr9697"]
[Site "Czech Republic"]
[Date "1996.??.??"]
[Round "?"]
[White "Smrkta, Frantisek"]
[Black "Szabo, Frantisek"]
[Result "1-0"]
[WhiteElo "2150"]
[BlackElo "2100"]
[PlyCount "71"]
[EventDate "1996.??.??"]
[EventType "tourn (corr)"]
[EventRounds "14"]
[EventCountry "CZE"]
[SourceTitle "Corr 2002"]
[Source "ChessBase"]
[SourceDate "2002.05.23"]
[SourceVersion "1"]
[SourceVersionDate "2002.05.23"]
[SourceQuality "1"]

1. e4 e6 2. d4 d5 3. Nc3 Bb4 4. e5 c5 5. a3 Bxc3+ 6. bxc3 Ne7 7. a4 c4 8. Qg4 0-0 9. Bg5 Qc7 10. Ne2 Nf5 11. Ng3 Kh8 12. Nxf5 exf5 13. Qg3 Qb6 14. Be2 Qb2 15. Kd2 Qb6 16. Bf3 Be6 17. Be7 Re8 18. Qh4 Nc6 19. Bd6 Rad8 20. Rhb1 Qa6 21. Rb5 f6 22. Bh5 g5 23. Qh3 Rg8 24. Qe3 b6 25. Be7 f4 26. Bxf6+ Rg7 27. Qf3 Qb7 28. h4 Kg8 29. hxg5 Rf8 30. Rxd5 Ne7 31. Rd6 Bd5 32. Qg4 Bc6 33. Qe6+ Kh8 34. Rd8 Ng6 35. Bxg6 Rxd8 36. Rh1 1-0

[Event "Moravia-ch5 corr9697"]
[Site "Czech Republic"]
[Date "1996.??.??"]
[Round "?"]
[White "Smrkta, Frantisek"]
[Black "Tkac, Leopold"]
[Result "1/2-1/2"]
[WhiteElo "2150"]
[BlackElo "2200"]
[PlyCount "50"]
[EventDate "1996.??.??"]
[EventType "tourn (corr)"]
[EventRounds "14"]
[EventCountry "CZE"]
[SourceTitle "Corr 2002"]
[Source "ChessBase"]
[SourceDate "2002.05.23"]
[SourceVersion "1"]
[SourceVersionDate "2002.05.23"]
[SourceQuality "1"]

1. e4 e5 2. Nf3 Nc6 3. Bb5 a6 4. Ba4 Nf6 5. 0-0 Be7 6. Re1 b5 7. Bb3 d6 8. c3 Bg4 9. d3 Bc8 10. Nbd2 0-0 11. Nf1 Na5 12. Bc2 c5 13. Ne3 Qb6 14. a4 Bd7 15. d4 cxd4 16. cxd4 Qc7 17. axb5 axb5 18. Qd3 Nc4 19. Rxa8 Rxa8 20. Qc3 Rc8 21. Nxc4 exd4 22. Qxd4 bxc4 23. Bf4 c3 24. Bd3 Nh5 25. Be3 Bf6 1/2-1/2

[Event "Moravia-ch5 corr9697"]
[Site "Czech Republic"]
[Date "1996.??.??"]
[Round "?"]
[White "Viktora, Zdenek"]
[Black "Smrkta, Frantisek"]
[Result "1-0"]
[WhiteElo "2160"]
[BlackElo "2150"]
[PlyCount "99"]
[EventDate "1996.??.??"]
[EventType "tourn (corr)"]
[EventRounds "14"]
[EventCountry "CZE"]
[SourceTitle "Corr 2002"]
[Source "ChessBase"]
[SourceDate "2002.05.23"]
[SourceVersion "1"]
[SourceVersionDate "2002.05.23"]
[SourceQuality "1"]

1. c4 c5 2. Nc3 Nf6 3. Nf3 d5 4. cxd5 Nxd5 5. e4 Nb4 6. Bb5+ N8c6 7. Ne5 Bd7 8. Nxd7 Qxd7 9. 0-0 a6 10. Bxc6 Nxc6 11. Na4 Qd6 12. d3 Nd4 13. Be3 b5 14. Nc3 e6 15. Qg4 Rd8 16. Rae1 Nc6 17. Rd1 h6 18. f4 Nb4 19. e5 Qc7 20. Ne4 h5 21. Qg5 Rd5 22. Nd6+ Bxd6 23. Qxg7 Rf8 24. exd6 Qxd6 25. d4 cxd4 26. Rxd4 Rxd4 27. Bxd4 Nd3 28. Be3 Qd5 29. Qc3 Qc4 30. Qd2 Ke7 31. f5 e5 32. Qe2 f6 33. Rd1 e4 34. b3 Qc3 35. Qxh5 Qe5 36. Qg6 Qd5 37. h3 Rg8 38. Qh7+ Qf7 39. Qxf7+ Kxf7 40. g4 Rc8 41. Kg2 Rc3 42. Rd2 Ne1+ 43. Kf2 Nc2 44. Re2 Nxe3 45. Rxe3 Rc2+ 46. Re2 Rc3 47. Kg2 a5 48. h4 Rd3 49. Rxe4 Rd2+ 50. Kf3 1-0